000 00558 a2200169 4500
999 _c8772
_d8772
020 _a9781919895505
050 _aKF5691 CLA 2008
100 _aClaassens, Aninka
_eauthor
245 _aLand power and custom :
_bControversies generated by South Africa's Communnal land Rights Acts /
_cAninka Claassens and Ben Cousins
264 _aCape Town :
_bUCT Press,
_c2008
300 _a392p.
500 _aIncludes index
650 _aLand , power rights
_xProperty law
651 _aSouth Africa
700 _aBen Cousins
_eauthor
942 _2lcc
_cBK
_h5691
_iCLA
_kKF